Statistiques concernant C'est typique #1

Cliquez ici pour prendre le quiz!

Statistiques générales

  • Ce quiz a été pris 83 fois
  • Le résultat moyen est 10 sur 27

Statistiques - réponses

HintRéponse% Correct
La paellaEspagne
91%
Le champagneFrance
88%
La production de montresSuisse
83%
Le kiltRoyaume-uni
77%
Le saumonNorvège
76%
Le tissu des flandresBelgique
73%
La modeItalie
73%
La bièreAllemagne
67%
L'artisanat avec des symboles celtiquesIrlande
64%
La viande de renne fuméeFinlande
42%
Le goulashHongrie
36%
L'azulejoPortugal
35%
Le fromagePays-bas
29%
Le sacher torteAutriche
26%
Le poisson et la viande fuméeIslande
26%
Le cristal de bohèmeRépublique tchèque
24%
La dentelle de IdrijaSlovénie
12%
La laine utilisée dans l'art antique du tissageBosnie-Herzégovine
11%
La cravateCroatie
11%
Le fromage de tupiAndorre
8%
La bijouterie en argent et en ambrePologne
6%
L'arbalèteSaint-marin
6%
Le vin blancLuxembourg
5%
La grande varièté de timbresLiechtenstein
3%
La sauce verteVatican
3%
La morue séchée et saléeMonaco
0%
La verrerieSuède
0%

Distribution des résultats

Percentile par nombre de réponses

% des personnes avec chaque résultat

Votre développement - résultats

Vous n’avez pas pris ce quiz